000 00350nam a2200157Ia 4500
003 OSt
005 20240127121527.0
008 170524s9999 xx 000 0 und d
020 _a978-9350593363
040 _cIIMT UNIVERSITY
100 _aSharma- J. K.
100 _c2009
245 0 _aOPERATION RESEARCH
260 _aMacMillan
942 _2ddc
_c02
999 _c2382
_d2382